000 00719nam a22002177a 4500
999 _c12706
_d12706
003 AR-CdUCM
008 190410b ||||| |||| 00| 0 spa d
040 _aMUNICIPALIDAD PROVINCIAL DEL CUSCO
_cBIBLIOTECA MUNICIPAL DEL CUSCO
082 _a353.808 /
_bD15 / 1929
100 _aDante Nava, Carlos
_930706
245 _aBáquica febril /
260 _aPuno :
_c1929.
300 _aXII, 95 páginas ;
_c18 cm.
500 _aEl texto no cuenta con tapa y contra tapa.
505 _aContenido : Dedicatoria -- Prologo -- Alfa -- telepatía báquica -- Balada -- Con el cocot ...
650 _aVersos
_92209
650 _aSociales
_928612
650 _aPuno
_93897
942 _2ddc
_cLIBROS
945 _arah
_d10/04/2019